[Event "RUS-chT Blitz Women 2018"]
[Site "Sochi"]
[Date "2018.10.10"]
[Round "6"]
[White "Pogonina, Natalija"]
[Black "Samusenko, Ramziya"]
[Result "1-0"]
[WhiteElo "2485"]
[BlackElo "2075"]
[Annotator "TA"]
[PlyCount "48"]
[EventDate "2018.10.10"]
[EventType "swiss"]
[EventCountry "RUS"]
[SourceTitle "playchess.com"]
[Source "ChessBase"]
[SourceQuality "1"]

{[%evp 12,48,60,21,32,7,56,6,53,20,53,-18,-28,-42,-34,-43,133,115,164,170,604,556,614,696,825,658,795,966,1305,1234,1293,1232,2822,1207,1138,1089,29990,29986,2862]} 1. d4 d6 2. e4 Nf6 3. Nc3 c6 4. Nf3 Bg4 5. h3 Bh5 6. Be2 e6 7. Be3 Be7 {B07: Pirc Defence: Miscellaneous Systems} 8. Qd2 (8. O-O d5 9. Nd2 Bg6 10. Bd3 dxe4 11. Ncxe4 Nd5 12. a3 O-O 13. Nf3 Nxe3 14. fxe3 Nd7 15. Qd2 c5 16. Nc3 {½-½ (110) Le,T (2485)-Petrosian,T (2606) chess.com INT 2018}) 8... d5 9. exd5 exd5 {The position is equal.} 10. O-O-O $146 (10. g4 $5 {[%cal Rg4h5]} Bg6 11. Ne5 $11) ({Predecessor:} 10. Ne5 Bxe2 11. Nxe2 Ne4 12. Qd3 O-O 13. O-O-O Nd7 14. f3 Nxe5 15. dxe5 {0-1 (35) Kearsley,R (1789)-Hermes,G (1979) Guernsey 2012}) 10... Nbd7 11. Ne5 ({White should try} 11. g4 $14 Bg6 12. Ne5) 11... Bxe2 $11 12. Qxe2 O-O 13. g4 {[%cal Bg2g4,Bg4g5,Bg5f6][%mdl 32]} Qa5 $2 {[#]} (13... Bb4 $15 14. g5 Ne8) 14. g5 $1 $16 {[%cal Rg5f6]} Nxe5 15. gxf6 Ba3 $2 (15... Bxf6 16. dxe5 Bxe5) 16. dxe5 $18 Qxc3 17. Bd4 ({Not} 17. bxa3 Qxa3+ 18. Kd2 Qa5+ 19. c3 g6 $18) 17... Bxb2+ 18. Kb1 Qb4 {[#] ( -> ...Bc3+)} 19. Bxb2 c5 20. Rhg1 g6 21. Qe3 {White threatens Qh6 and mate.} Kh8 22. Rxd5 (22. Qh6 $142 Rg8 23. Rg4) 22... c4 23. Rgd1 a5 24. Qh6 {[%csl Gf6][%cal Rh6g7]} Rg8 {Precision: White = 55%, Black = 17%.} 1-0

[Event "RUS-chT Blitz Women 2018"]
[Site "Sochi"]
[Date "2018.10.10"]
[Round "6"]
[White "Ovod, Evgenija"]
[Black "Shendrik, Zhanna"]
[Result "1-0"]
[WhiteElo "2363"]
[BlackElo "1934"]
[Annotator "TA"]
[PlyCount "57"]
[EventDate "2018.10.10"]
[EventType "swiss"]
[EventCountry "RUS"]
[SourceTitle "playchess.com"]
[Source "ChessBase"]
[SourceQuality "1"]

{[%evp 9,57,25,62,42,96,51,90,43,71,43,37,32,112,65,63,47,46,38,71,53,110,102,143,115,185,177,183,186,324,78,118,122,98,53,118,66,109,87,129,115,199,131,129,143,145,110,153,86,1140,1160]} 1. e4 c5 2. c3 e6 3. d4 Nf6 4. Bd3 Nc6 5. Nf3 Be7 (5... d5 6. e5 Nd7 7. O-O Be7 8. a3 a5 9. Re1 O-O 10. Bc2 Re8 11. Be3 b6 12. Nbd2 Ba6 13. g3 cxd4 14. cxd4 Nf8 15. Rc1 Rc8 16. h4 {0-1 (39) Prie,E (2508)-Dragomirescu,R (2385) Aix les Bains 2011}) 6. O-O {B22: Sicilian: 2 c3} b6 (6... d5 $14 7. exd5 Qxd5) 7. Re1 Bb7 8. Nbd2 $146 {White is better.} ({Predecessor:} 8. a3 d5 9. e5 Nd7 10. Nbd2 Qc8 11. b4 c4 12. Bc2 a6 13. Nf1 h6 {0-1 (50) Bochnicka,V (1926)-Sivcak,M (1743) Liptovsky Mikulas 2017}) 8... Rc8 9. a3 d6 10. Nf1 e5 ({Black should try} 10... O-O $14) 11. dxe5 dxe5 12. Qc2 O-O 13. Bg5 {[%cal Bc1g5,Bg5h4,Bh4g3][%mdl 32]} h6 14. Bh4 Nd7 {[#]} (14... Na5 $14) 15. Bg3 $1 $16 Bd6 16. Ne3 Re8 (16... Nf6 $16) 17. Rad1 $18 Qc7 18. Bc4 {And now Qd2 would win.} Na5 (18... Bf8 $142 19. Qd2 Nf6) 19. Bd5 $2 {[#]} (19. Qd2 $18 {has better winning chances.}) 19... Nf6 20. Bxb7 Nxb7 21. Nf5 Nd7 (21... Bf8 $14) 22. Rd2 (22. Rd5 $16) 22... Re6 23. Red1 Rd8 24. Qa4 f6 (24... c4 $16) 25. Qc4 ({Better is} 25. Qxa7 $18 Qc6 26. Qa6) 25... Nf8 $16 26. N3h4 Kh7 27. Qe2 Ree8 28. Qg4 (28. Qh5 $142) 28... Qe7 $2 {[%mdl 8192]} (28... c4 $16) 29. Nxe7 {Precision: White = 40%, Black = 16%.} 1-0

[Event "RUS-chT Blitz Women 2018"]
[Site "Sochi"]
[Date "2018.10.10"]
[Round "6"]
[White "Guseva, Marina"]
[Black "Fairuzova, Zulfiiya"]
[Result "1-0"]
[WhiteElo "2292"]
[BlackElo "1847"]
[Annotator "TA"]
[PlyCount "62"]
[EventDate "2018.10.10"]
[EventType "swiss"]
[EventCountry "RUS"]
[SourceTitle "playchess.com"]
[Source "ChessBase"]
[SourceQuality "1"]

{[%evp 10,62,74,71,81,62,74,75,77,72,103,92,79,86,106,86,89,79,91,56,65,59,91,0,94,24,96,0,99,94,227,227,227,172,204,114,141,67,98,47,81,91,240,89,75,80,376,198,971,922,867,629,743,868,979]} 1. d4 Nf6 2. c4 e6 3. Nc3 b6 4. e4 d6 5. Bd3 Bb7 6. Nge2 e5 {A50: Queen's Fianchetto Defence (1 d4 Nf6 2 c4 b6)} (6... Nc6 7. O-O a5 8. f3 Nd7 9. Bc2 Be7 10. Ba4 O-O 11. b3 e5 12. Bxc6 Bxc6 13. Be3 Re8 14. Nd5 Bf8 {½-½ (14) Khamitskiy,S (2330)-Meshkov,Y (2385) Minsk 2005}) 7. O-O Be7 8. d5 O-O {White is better.} 9. Ng3 Bc8 10. Nf5 $146 ({Predecessor:} 10. h3 Re8 11. f4 exf4 12. Bxf4 h6 13. Qd2 Bf8 14. Be3 {1-0 (56) Raue,T-Schlag,F Germany 1994}) 10... Bxf5 11. exf5 Nbd7 12. Kh1 Nc5 13. Bc2 a5 14. Rg1 Nfd7 15. g3 Bf6 16. Be3 (16. Re1 $16) 16... g6 (16... e4 $11) 17. a3 ({Better is} 17. Rb1 $16) 17... Bg7 (17... e4 $11) 18. b4 (18. Rb1 $16) 18... axb4 (18... e4 $1 $11) 19. axb4 $16 {[#] Rxa8 is the strong threat.} Rxa1 (19... e4 $16 {was worth a try.}) 20. Qxa1 $18 Nb7 21. Qa7 Qc8 22. fxg6 ({White should play} 22. g4 $18) 22... fxg6 23. Be4 (23. Bd1 $16) 23... Nf6 $14 24. Re1 $36 {[%mdl 2048] White fights for an advantage.} (24. Bf3 $16) 24... Nxe4 25. Nxe4 c6 (25... Nd8 $16) 26. Qxb6 $2 {[#]} (26. Qa6 $18) 26... cxd5 $16 27. cxd5 Qc2 $2 {[%mdl 8192]} (27... Qc4 $16 {was necessary.} 28. f3 (28. Qxb7 Qxe4+ 29. Kg1 Bh6 $11) 28... Qxd5) 28. Ng5 (28. Bg5 $142 Qc8 29. Qc6 (29. Nxd6 Qc3 $18)) 28... Qc8 $2 (28... Bh6) 29. Rc1 $18 {White is clearly winning.} Qa8 30. Kg1 Nd8 31. Qxd6 Qa3 {Precision: White = 29%, Black = 13%.} 1-0

[Event "RUS-chT Blitz Women 2018"]
[Site "Sochi"]
[Date "2018.10.10"]
[Round "6"]
[White "Styazhkina, Anna"]
[Black "Zavivaeva, Evelina"]
[Result "1-0"]
[WhiteElo "2268"]
[BlackElo "1323"]
[Annotator "TA"]
[PlyCount "55"]
[EventDate "2018.10.10"]
[EventType "swiss"]
[EventCountry "RUS"]
[SourceTitle "playchess.com"]
[Source "ChessBase"]
[SourceQuality "1"]

{[%evp 9,55,33,62,41,70,0,8,-34,-27,-60,-54,-103,-81,-80,-45,-85,-51,-56,50,-38,0,-19,49,-22,-27,-17,0,0,56,0,120,96,204,210,444,429,1246,1238,1227,1221,1187,1181,2051,2051,2770,2169,1950,1960]} 1. e4 e6 2. Nf3 d5 3. Nc3 Nc6 (3... d4 4. Ne2 c5 5. d3 Nc6 6. g3 Nf6 7. Bg2 Be7 8. O-O O-O 9. h3 b5 10. a4 bxa4 11. Rxa4 a5 12. b3 Ba6 13. Nd2 Bb5 {0-1 (35) Dubov,D (2709)-Tregubov,P (2588) Moscow 2018}) 4. Bb5 dxe4 5. Nxe4 Nf6 6. Nxf6+ {C00: French: Unusual White 2nd moves} Qxf6 7. Bxc6+ ({White should play} 7. d4 $14) 7... bxc6 $11 8. d4 $146 {The position is equal.} ({Predecessor:} 8. Qe2 Bd6 9. Qc4 Bd7 10. d3 O-O 11. O-O {1-0 (35) Rutherford,E (2125)-Barnes,S (1944) Hawick 2002}) 8... Ba6 9. c3 Qg6 10. Rg1 Bd6 11. Be3 h6 12. Qd2 O-O 13. O-O-O $1 Rab8 (13... Bc4 $1 $15) 14. Qc2 (14. Ne5 $1 $14 Bxe5 15. dxe5) 14... Qf6 15. Nd2 Qe7 (15... Bxh2 $11 16. Rge1 Bd6) 16. Nb3 ({White should try} 16. g4 $1 $14) 16... Bc4 17. g4 Bxb3 18. axb3 Qd7 ({Don't play} 18... Bxh2 $6 19. Rh1 $16) (18... Qh4 $11) 19. h4 (19. g5 $14 hxg5 20. Bxg5) 19... Rfc8 (19... Be7 $11) 20. h5 Qe7 (20... Be7 $16) 21. g5 $18 Kf8 $2 {[#]} (21... Kh8 22. gxh6 gxh6 23. Bxh6 Rg8) 22. gxh6 {White is clearly winning.} Ke8 (22... gxh6 $142 23. Bxh6+ Ke8) 23. hxg7 Kd7 24. h6 Qh4 25. h7 Qf6 26. g8=Q Rxg8 27. hxg8=Q Rxg8 28. Rxg8 {Precision: White = 38%, Black = 18%.} 1-0

[Event "RUS-chT Blitz Women 2018"]
[Site "Sochi"]
[Date "2018.10.10"]
[Round "6"]
[White "Goncharova, Natalia Olegovna"]
[Black "Girya, Olga"]
[Result "0-1"]
[WhiteElo "2249"]
[BlackElo "2479"]
[Annotator "TA"]
[PlyCount "88"]
[EventDate "2018.10.10"]
[EventType "swiss"]
[EventCountry "RUS"]
[SourceTitle "playchess.com"]
[Source "ChessBase"]
[SourceQuality "1"]

{[%evp 13,88,-14,-11,-14,-6,-140,-145,-148,-150,-138,-140,-214,-212,-251,-237,-243,-231,-314,-168,-225,-119,-200,-225,-207,-150,-168,-95,-95,-110,-191,-185,-195,-95,-223,-132,-533,-543,-642,-531,-523,-400,-537,-544,-552,-535,-664,-666,-703,-679,-734,-723,-714,-641,-842,-708,-685,-604,-586,-566,-987,-952,-1136,-1156,-1606,-1645,-2521,-2982,-12830,-8245,-29970,-29971,-12835,-11843,-12827,-5934,-2224,-1215]} 1. e4 c6 2. d4 d5 3. exd5 cxd5 4. Bd3 Nc6 5. c3 Qc7 6. Nf3 Bg4 7. O-O e6 {LiveBook: 29 Games. B13: Caro-Kann: Exchange Variation and Panov-Botvinnik Attack} 8. Be3 (8. h3 Bh5 9. Re1 Bd6 10. Nbd2 Nf6 11. Nf1 O-O 12. Bg5 Rab8 13. Qe2 Rfe8 14. Qe3 Bg6 15. Ne5 Nxe5 16. dxe5 {½-½ (48) Bocharov,I (2534)-Ovetchkin,R (2540) Cheliabinsk 2017}) 8... Bd6 9. Nbd2 (9. h3 $11 {keeps the balance.} Bh5 10. Nbd2) 9... Bxh2+ $1 $17 {Black is clearly better.} 10. Kh1 Bd6 $1 11. Rc1 Nf6 12. g3 $146 (12. c4 $17 {might work better.}) ({Predecessor:} 12. c4 h5 13. cxd5 Nxd5 {0-1 (38) Topic,J-Gavrilova,A Peniscola 2002}) 12... h5 $1 $19 {[%cal Bh7h5,Bh5h4,Bh4h3][%mdl 32] Strongly threatening ...h4!} 13. Kg2 {[#]} h4 $1 {[%cal Rh4g3][%mdl 512]} 14. Rh1 (14. Nxh4 Bxd1) 14... h3+ 15. Kf1 {[#]} Nh5 (15... h2 $142 $1 {[%mdl 512]} 16. Bg5 (16. Nxh2 Bxd1) 16... Bxg3 $1 {[%mdl 512]} 17. fxg3 Qxg3 18. Bxf6 gxf6) 16. Qe1 (16. c4 $142) 16... Qe7 (16... O-O-O $19 {Hoping for ...Kb8.} 17. c4 Rde8) 17. Bg5 {[#]} (17. Kg1 $17) 17... f6 $1 {[%cal Rf6g5]} 18. Bg6+ Kd7 19. Be3 Qd8 (19... Raf8 $19 20. Kg1 Kc8) 20. c4 $17 Ne7 21. c5 (21. Bd3 $17) 21... Bc7 $36 {[%mdl 2048] Black is really pushing.} 22. Bd3 Nc6 (22... a6 $19 {has better winning chances.} 23. Kg1 g5) 23. Rb1 (23. Nh2 $17 {was necessary.} Bf5 24. Bxf5 exf5 25. b4) 23... Ba5 (23... a5 $19 24. Nh2 Bf5) 24. a3 $2 {[%mdl 8192]} (24. b4 $17 {is a better chance.} Bc7 25. Nh2) 24... Bxf3 25. b4 Bg2+ 26. Kg1 Bxh1 27. Kxh1 Bc7 28. b5 Ne7 29. c6+ bxc6 30. bxc6+ Ke8 31. Rb7 Rb8 32. Rxa7 Kf8 33. Qe2 Nxc6 34. Ra6 Rb6 35. Rxb6 Bxb6 36. Qg4 Qd6 37. a4 f5 38. Qg6 Nf6 39. Bg5 Ne7 40. Bf4 Qxf4 41. Qxf6+ gxf6 42. gxf4 Bxd4 {Black is clearly winning.} 43. Nf3 Ba7 44. a5 Ng6 {Precision: White = 29%, Black = 47%.} 0-1

[Event "RUS-chT Blitz Women 2018"]
[Site "Sochi"]
[Date "2018.10.10"]
[Round "6"]
[White "Vinokur, Yuliya"]
[Black "Sirotkina, Elizaveta"]
[Result "1-0"]
[WhiteElo "2170"]
[BlackElo "1234"]
[Annotator "TA"]
[PlyCount "95"]
[EventDate "2018.10.10"]
[EventType "swiss"]
[EventCountry "RUS"]
[SourceTitle "playchess.com"]
[Source "ChessBase"]
[SourceQuality "1"]

{[%evp 14,95,29,46,77,70,72,84,78,42,74,73,121,122,134,121,206,147,247,262,250,270,233,228,234,162,283,202,297,307,381,379,684,694,683,647,641,653,652,653,29997,29998,29998,1513,29996,927,889,834,839,813,885,876,1076,1039,1798,1599,1872,1693,4927,3043,1089,1027,1699,1606,1390,1660,1163,1115,29978,29979,29981,29982,29982,29983,29982,29983,29986,29987,29987,29988,29991,29992,29992,29993]} 1. d4 d5 2. c4 e6 3. Nf3 Nf6 4. g3 Bb4+ 5. Nbd2 O-O 6. Bg2 c6 7. O-O {E01: Catalan: Early deviations} Nbd7 8. Qc2 {LiveBook: 57 Games} Qc7 9. e4 {White is better.} Nxe4 $146 ({Predecessor:} 9... dxe4 10. Nxe4 Nxe4 11. Qxe4 Nf6 12. Qc2 Be7 13. Bf4 Bd6 {1-0 (47) Lalic,B (2523)-Thapa,K Kolkata 2002}) 10. Nxe4 dxe4 11. Ng5 Nf6 12. Nxe4 Qe7 13. Bg5 e5 14. a3 Bd6 (14... Ba5 $16) 15. Rfe1 $36 {[%mdl 2048] Keeping Black busy.} h6 (15... Bf5 $16 16. Qb3 Bxe4) 16. Nxf6+ $18 gxf6 17. Bxh6 Re8 18. c5 Bc7 19. Qe2 Bf5 (19... Qe6 $142 20. h4 Qg4) 20. Qh5 Bg6 {[#]} (20... Qe6 $142 21. d5 cxd5) 21. Qh4 $1 f5 {intending ...Qxh4.} 22. Bg5 Qf8 $2 (22... f6) 23. Bf6 {[%csl Gf6][%cal Rh4h8]} Bh7 24. Qg5+ Bg6 25. h4 Kh7 26. h5 Bxh5 27. Qxh5+ Qh6 28. Qxf5+ (28. Qxf7+ $142 Qg7 29. Qxg7#) 28... Qg6 29. Qxg6+ (29. Qh3+ $142 Qh6 30. Be4+ Kg8 31. Qxh6 exd4 32. Qh8#) 29... fxg6 30. Bxe5 Bxe5 31. Rxe5 Rxe5 32. dxe5 {[%mdl 4096] Endgame KRB-KR} Re8 33. Rd1 Kg8 34. Rd7 Rxe5 35. Rxb7 Rxc5 36. Rxa7 Rc2 37. Rc7 Rxb2 38. Rxc6 Kg7 39. a4 Rb1+ 40. Kh2 Rb4 41. a5 {White mates.} Rb5 42. a6 Rh5+ 43. Kg1 Ra5 44. Rc7+ Kh6 45. a7 Ra1+ 46. Kh2 Ra5 47. a8=Q Rxa8 48. Bxa8 {Precision: White = 64%, Black = 34%.} 1-0

[Event "RUS-chT Blitz Women 2018"]
[Site "Sochi"]
[Date "2018.10.10"]
[Round "6"]
[White "Vifleemskaia, Svetlana"]
[Black "Bodnaruk, Anastasia"]
[Result "0-1"]
[WhiteElo "2030"]
[BlackElo "2423"]
[Annotator "TA"]
[PlyCount "62"]
[EventDate "2018.10.10"]
[EventType "swiss"]
[EventCountry "RUS"]
[SourceTitle "playchess.com"]
[Source "ChessBase"]
[SourceQuality "1"]

{[%evp 13,62,38,48,48,48,27,52,49,48,47,62,26,31,3,10,-5,0,-70,-70,-124,-107,-120,-100,-104,-112,-120,-99,-135,-89,-75,-64,-61,-14,-231,-218,-226,-218,-219,-216,-243,-248,-320,-298,-367,-352,-345,-318,-325,-330,-358,-300]} 1. d4 Nf6 2. c4 g6 3. Nc3 Bg7 4. e4 d6 5. Nge2 {[%cal Bg1e2,Be2g3,Bg3f1][%mdl 32]} O-O 6. Ng3 e5 7. d5 h5 8. Bg5 {E70: King's Indian: Miscellaneous lines with 4 e4, including 5 Nge2 and 5 Bd3 0-0 6 Nge2} (8. Be2 h4 9. Nf1 Nh7 10. h3 f5 11. Nh2 a5 12. O-O Na6 13. exf5 gxf5 14. f4 e4 15. Be3 Bd7 {0-1 (52) Bologan,V (2610)-Kovalev,V (2650) Poikovsky 2018}) 8... Qe8 9. Be2 Nh7 10. Be3 {White is slightly better.} h4 11. Nf1 f5 12. exf5 gxf5 13. f4 Nf6 $146 ({Predecessor:} 13... a5 14. Nd2 Qe7 15. O-O Na6 {½-½ (30) Kaposztas,M (2246)-Jacso,A (2202) Hungary 2010}) 14. Qd2 Ng4 15. Bxg4 (15. g3 $11) 15... exf4 $1 $15 16. Be2 (16. Bh5 $15 fxe3 17. Qe2 Bxc3+ 18. bxc3) 16... fxe3 $17 17. Qxe3 Qg6 18. Nd2 f4 ({And not} 18... Qxg2 19. O-O-O $14) 19. Qf3 Nd7 {[%cal Bb8d7,Bd7e5,Be5d3,Bd3f2][%mdl 32] Threatens to win with ...Ne5.} 20. O-O Ne5 21. Qh5 Qxh5 22. Bxh5 Nd3 {aiming for ...Bd4+.} 23. Rab1 $2 (23. Nb5 $1 $11 {and White stays safe.}) 23... Bd4+ $19 24. Kh1 {[#]} Nf2+ $1 25. Rxf2 Bxf2 26. Nde4 Be3 27. b4 Bf5 28. Rd1 Kg7 29. Bf3 Rfe8 30. c5 Rad8 31. h3 Re7 {Precision: White = 24%, Black = 87%.} 0-1

[Event "RUS-chT Blitz Women 2018"]
[Site "Sochi"]
[Date "2018.10.10"]
[Round "6"]
[White "Mamontova, Anastasia"]
[Black "Sarvarova, Alisa"]
[Result "1-0"]
[WhiteElo "2009"]
[BlackElo "1216"]
[Annotator "NA RC"]
[PlyCount "57"]
[EventDate "2018.10.10"]
[EventType "swiss"]
[EventCountry "RUS"]
[SourceTitle "playchess.com"]
[Source "ChessBase"]
[SourceQuality "1"]
[TimeControl "180+2"]

1. d4 {[%emt 0:00:04]} d5 {[%emt 0:00:00]} 2. c4 {[%emt 0:00:00]} e6 {[%emt 0:00:01]} 3. Nc3 {[%emt 0:00:02]} Bb4 {[%emt 0:00:02]} 4. Nf3 {[%emt 0:00:16]} Nf6 {[%emt 0:00:03]} 5. Bg5 {[%emt 0:00:03]} O-O {[%emt 0:00:03]} 6. e3 {[%emt 0:00:04]} Nbd7 {[%emt 0:00:05]} 7. cxd5 {[%emt 0:00:07]} exd5 {[%emt 0:00:04]} 8. Bd3 {[%emt 0:00:05]} Nb6 {[%emt 0:00:17]} 9. O-O {[%emt 0:00:05]} Bxc3 {[%emt 0:00:02]} 10. bxc3 {[%emt 0:00:02]} Bg4 {[%emt 0:00:04]} 11. h3 {[%emt 0:00:04]} Bh5 {[%emt 0:00:05]} 12. Qc2 {[%emt 0:00:29]} h6 {[%emt 0:00:08]} 13. Bh4 {[%emt 0:00:10]} Bxf3 {[%emt 0:00:15]} 14. gxf3 {[%emt 0:00:02]} Qd7 {[%emt 0:00:02]} 15. Kh2 {[%emt 0:00:01]} Qd6+ {[%emt 0:00:11]} 16. f4 {[%emt 0:00:16]} Kh8 {[%emt 0:00:05]} 17. Rg1 {[%emt 0:00:03]} Rg8 {[%emt 0:00:02]} 18. Bg3 {[%emt 0:00:12]} Qe6 {[%emt 0:00:07]} 19. f5 {[%emt 0:00:05]} Qe7 {[%emt 0:00:06]} 20. Bf4 {[%emt 0:00:06]} Nh5 {[%emt 0:00:07]} 21. Be5 {[%emt 0:00:34]} f6 {[%emt 0:00:12]} 22. Bg3 {[%emt 0:00:01]} Rac8 {[%emt 0:00:25]} 23. Qe2 {[%emt 0:00:02]} Nxg3 {[%emt 0:00:06]} 24. Rxg3 {[%emt 0:00:01]} Qf7 {[%emt 0:00:04]} 25. Rag1 {[%emt 0:00:02]} c6 {[%emt 0:00:09]} 26. Rg6 {[%emt 0:00:02]} Rc7 {[%emt 0:00:07]} 27. Qh5 {[%emt 0:00:04]} Rd8 {[%emt 0:00:17]} 28. Rxh6+ {[%emt 0:00:18]} Kg8 {[%emt 0:00:05]} 29. Rh8# {[%emt 0:00:02]} 1-0

[Event "RUS-chT Blitz Women 2018"]
[Site "Sochi"]
[Date "2018.10.10"]
[Round "6"]
[White "Zavivaeva, Emilia"]
[Black "Belenkaya, Dina"]
[Result "0-1"]
[WhiteElo "1633"]
[BlackElo "2329"]
[Annotator "TA"]
[PlyCount "80"]
[EventDate "2018.10.10"]
[EventType "swiss"]
[EventCountry "RUS"]
[SourceTitle "playchess.com"]
[Source "ChessBase"]
[SourceQuality "1"]

{[%evp 11,79,25,23,6,56,37,51,27,25,23,43,14,12,6,18,14,89,31,133,127,133,-65,-73,-73,-76,-127,-127,-158,-158,-177,-165,-230,-189,-279,-272,-275,-121,-273,-276,-276,-240,-236,0,-700,-700,-950,-934,-995,-837,-865,-850,-909,-894,-962,-956,-1326,-942,-932,-902,-967,-990,-1666,-708,-1066,-1052,-1574,-1105,-3579,-3155,-29999]} 1. e4 c6 2. d4 d5 3. exd5 cxd5 4. Bd3 Nc6 5. c3 Qc7 6. h3 Nf6 7. Ne2 {B13: Caro-Kann: Exchange Variation and Panov-Botvinnik Attack} (7. Nf3 g6 8. O-O Bf5 9. Re1 Bxd3 10. Qxd3 Bg7 11. Bg5 O-O 12. Nbd2 Rfe8 13. Re2 Nh5 14. Nb3 b6 15. Rae1 Nf4 16. Bxf4 Qxf4 {0-1 (91) Demchenko,A (2670)-Peralta,F (2556) Barcelona 2018}) 7... g6 8. Bf4 Qb6 9. Qc2 {White is slightly better.} Bg7 10. Nd2 {[%cal Bb1d2,Bd2b3,Bb3c5][%mdl 32]} Bd7 $146 ({Predecessor:} 10... O-O 11. O-O Nd7 12. Be3 Qc7 13. f4 e6 14. Nf3 Ne7 {½-½ (44) Zadlo,A (1853)-Krupa,A (1897) Murzasichle 2011}) 11. Nb3 O-O 12. Nc5 Rac8 13. O-O Rfd8 (13... e5 $11 14. dxe5 Qxc5 15. exf6 Bxf6) 14. a4 (14. Nxd7 $6 Nxd7 15. Qb3 e5 $11) ({White should try} 14. b4 $16) 14... Be8 ({Better is} 14... e5 $14 15. a5 (15. dxe5 Qxc5 16. exf6 Bxf6 $11) (15. Nxd7 Nxd7 16. dxe5 Ndxe5 $11) 15... Qc7) 15. a5 $16 Nxa5 {[#]} 16. b4 $2 (16. Nxb7 $1 $16 Qxb7 17. Rxa5) 16... Nc4 $15 17. Bxc4 dxc4 18. Ng3 (18. Be5 $142) 18... Nd5 $17 19. Bd2 a6 20. Rfe1 Bc6 21. Nge4 (21. Qa2 $142) 21... Qc7 22. Bg5 (22. Qa2 $142) 22... Re8 $19 23. Nd2 Nb6 (23... e5 $19 {has better winning chances.} 24. Nf3 h6) 24. Re2 $2 (24. Bh4 $17 {is a better defense.}) 24... e5 25. dxe5 Rxe5 ({Don't do} 25... Bxe5 26. Rae1 $17) 26. Bf4 Rd8 $2 (26... Rxe2 $19 27. Bxc7 Rxc7) 27. Rae1 $2 {[%mdl 8192]} (27. Rd1 $11) 27... Rxe2 28. Rxe2 Qxf4 29. Nde4 Bxe4 30. Nxe4 h5 31. g3 Qf3 32. h4 Qd3 33. Qb2 Qd1+ 34. Kg2 Rd3 35. Nc5 Rxc3 36. Rd2 Qc1 {[#] White must now prevent ...Rxg3+!} 37. Qa2 Kh7 38. Nxb7 Rb3 {aiming for ...Rb1.} 39. Nc5 Rb1 {[%csl Gb1][%cal Rc1h1]} 40. Nxa6 Qh1# {Precision: White = 19%, Black = 46%.} 0-1

[Event "RUS-chT Blitz Women 2018"]
[Site "Sochi"]
[Date "2018.10.10"]
[Round "6"]
[White "Ershova, Margarita"]
[Black "Kovanova, Baira"]
[Result "0-1"]
[WhiteElo "1511"]
[BlackElo "2350"]
[Annotator "TA"]
[PlyCount "82"]
[EventDate "2018.10.10"]
[EventType "swiss"]
[EventCountry "RUS"]
[SourceTitle "playchess.com"]
[Source "ChessBase"]
[SourceQuality "1"]

{[%evp 9,82,4,24,27,45,18,21,0,1,0,23,-10,0,7,0,-26,-32,-26,0,0,-14,-8,0,-14,29,25,12,-35,27,-36,-24,-79,-80,-108,-100,-115,-124,-110,-27,-46,-48,-183,-173,-177,-147,-260,-263,-248,-166,-166,-14,-9,-14,-25,-25,-22,-20,-18,-20,-22,0,-22,-19,-83,-83,-83,-83,-108,-116,-404,-390,-29974,-29975,-29992,-29993]} 1. d4 Nf6 2. Bf4 d6 3. Nc3 g6 4. e4 Bg7 5. f3 (5. Nf3 O-O 6. Qd2 Nc6 7. Bh6 Bg4 8. Bxg7 Kxg7 9. O-O-O Bxf3 10. gxf3 e5 11. dxe5 dxe5 12. Qe3 Qe7 13. f4 Rad8 14. Bh3 a6 {0-1 (50) Karjakin,S (2783)-Nepomniachtchi,I (2751) chess.com INT 2017}) 5... c6 6. Qd2 {B07: Pirc Defence: Miscellaneous Systems} h5 7. h3 $146 ({Predecessor:} 7. O-O-O Be6 8. Qe3 Qa5 9. Kb1 Nbd7 10. Nh3 Nb6 11. b3 Bxh3 12. gxh3 h4 13. Qe1 Qh5 {1-0 (26) Suvradeepta,D (1980)-Kimbin,R (1803) Penang 2017}) 7... b5 8. Bd3 {The position is equal.} Nbd7 9. Nge2 Bb7 10. Nc1 e5 11. dxe5 Nxe5 12. Bxe5 dxe5 13. Nb3 Qb6 14. Qf2 Nd7 15. a4 {[%cal Ra4b5]} b4 16. Ne2 c5 17. O-O O-O 18. Bc4 Qc7 (18... a5 $15) 19. Rfd1 (19. a5 $1 $11) 19... Nb6 $36 {[%mdl 2048] Black is pushing.} 20. Nd2 ({Don't blunder} 20. Nxc5 $2 Nxc4 21. b3 (21. Rd7 $2 Qc6 $19) 21... Na5 $19) (20. Qxc5 $11 Qxc5+ 21. Nxc5 Nxc4 22. Nxb7) 20... Rfd8 $17 21. a5 {[#]} Rxd2 $1 {[%mdl 512]} 22. axb6 (22. Rxd2 Nxc4) 22... Rxd1+ 23. Rxd1 Qxb6 ({Black should try} 23... axb6 $17 24. Qe3 Rd8) 24. Rd7 Rf8 25. Qg3 (25. Nc1 $15) 25... Ba6 26. Bxa6 Qxa6 27. Qf2 (27. Qe1 $17) 27... Qa1+ $19 28. Kh2 Qxb2 29. Qxc5 {[#]} b3 $2 ({Black should play} 29... a5 $1 $19 {[%mdl 512]} 30. Ra7 (30. Qxa5 Qxc2) 30... b3) 30. Rxa7 $11 Bh6 31. Rb7 Qxc2 32. Qxc2 bxc2 {[%mdl 4096] Endgame KRB-KRN} 33. Rc7 c1=Q 34. Nxc1 Bf4+ 35. Kg1 Rd8 {And now ...Rd1+ would win.} 36. Ne2 (36. Kf2 $11 {remains equal.}) 36... Be3+ $17 37. Kh2 Rd2 38. Rc8+ Kg7 39. Ng3 $2 {[%mdl 8192]} (39. Nc3 $17 {only move.}) 39... Bf4 $19 40. Rc1 $2 (40. h4 $19 g5 41. hxg5) 40... h4 41. Re1 Bxg3+ {Precision: White = 22%, Black = 44%.} 0-1